[Event "Olavarria op A"]
[Site "Maipu"]
[Date "2019.08.15"]
[Round "3.3"]
[White "Splendore, Franco"]
[Black "Pedreira Henrich, Alan"]
[Result "1-0"]
[WhiteElo "1638"]
[BlackElo "1776"]
[PlyCount "107"]
[EventDate "2019.08.08"]
[EventType "swiss"]
[EventRounds "7"]
[EventCountry "ARG"]
[SourceTitle "EXT 2024"]
[Source "ChessBase"]
[SourceDate "2023.10.10"]
[SourceVersion "1"]
[SourceVersionDate "2023.10.10"]
[SourceQuality "1"]

1. e4 c5 2. g3 g6 3. d3 Bg7 4. Nd2 Nc6 5. Ngf3 d6 6. Bg2 Nf6 7. c3 0-0 8. 0-0 e6 9. Re1 Qc7 10. Nf1 Rb8 11. h4 b5 12. N1h2 b4 13. d4 d5 14. e5 Nd7 15. Bf4 Qa5 16. Qd2 bxc3 17. bxc3 cxd4 18. cxd4 Qxd2 19. Bxd2 Nb6 20. Bf1 Nc4 21. Bxc4 dxc4 22. Nf1 Rd8 23. Bc3 Ne7 24. Ne3 Nd5 25. Ba5 Rd7 26. Nxc4 Bf8 27. Rab1 Rdb7 28. Nfd2 Nb4 29. Rb2 Kg7 30. Reb1 Nxa2 31. Rxb7 Rxb7 32. Rxb7 Bxb7 33. Nd6 Bd5 34. f4 Nc1 35. Kf1 h6 36. Bb4 Nb3 37. Nxb3 Bxb3 38. Bc5 a6 39. Nb7 Bd5 40. Na5 g5 41. hxg5 hxg5 42. fxg5 Kg8 43. Ke2 Bg7 44. Kd3 Kh7 45. Nc4 Kg6 46. Be7 Kh5 47. Ne3 Ba2 48. g4+ Kg6 49. Kc2 f5 50. exf6 Bh8 51. Kb2 Bd5 52. Nxd5 exd5 53. Kb3 Kf7 54. Kb4 1-0

[Event "Judewicz Memorial U2200"]
[Site "Mar del Plata"]
[Date "2016.09.17"]
[Round "3.3"]
[White "Santopietro, Gerardo"]
[Black "Pedreira Henrich, Alan"]
[Result "1-0"]
[WhiteElo "2060"]
[BlackElo "1961"]
[PlyCount "59"]
[EventDate "2016.09.16"]
[EventType "swiss"]
[EventRounds "7"]
[EventCountry "ARG"]
[SourceTitle "EXT 2024"]
[Source "ChessBase"]
[SourceDate "2023.10.10"]
[SourceVersion "1"]
[SourceVersionDate "2023.10.10"]
[SourceQuality "1"]

1. d4 Nf6 2. c4 e6 3. Nf3 Bb4+ 4. Nbd2 d5 5. a3 Bd6 6. c5 Bf4 7. g3 Bh6 8. Bg2 b6 9. b4 bxc5 10. dxc5 Bb7 11. 0-0 Nbd7 12. Bb2 Qe7 13. Nd4 Bxd2 14. Qxd2 Ne5 15. Rac1 c6 16. b5 Nc4 17. Rxc4 dxc4 18. bxc6 Bc8 19. c7 Nd5 20. Nf5 Qxc5 21. Nxg7+ Kd7 22. Nxe6 fxe6 23. Bxh8 Kxc7 24. Be5+ Kc6 25. Bd4 Qe7 26. Rc1 Ba6 27. Qa5 Qb7 28. e4 Nb6 29. e5+ Nd5 30. Qc5+ 1-0

[Event "Olavarria Checkmate B U2200"]
[Site "Olavarria"]
[Date "2016.08.13"]
[Round "3.3"]
[White "Pedreira Henrich, Alan"]
[Black "Zito, Alberto"]
[Result "1/2-1/2"]
[WhiteElo "1961"]
[BlackElo "1582"]
[PlyCount "31"]
[EventDate "2016.08.12"]
[EventType "swiss"]
[EventRounds "6"]
[EventCountry "ARG"]
[SourceTitle "EXT 2024"]
[Source "ChessBase"]
[SourceDate "2023.10.10"]
[SourceVersion "1"]
[SourceVersionDate "2023.10.10"]
[SourceQuality "1"]

1. d4 c5 2. d5 Nf6 3. c4 g6 4. Nc3 Bg7 5. e4 d6 6. Bd3 Na6 7. Nge2 Bd7 8. 0-0 Nc7 9. f4 b5 10. Ng3 bxc4 11. Bxc4 Rb8 12. e5 Bg4 13. Qa4+ Bd7 14. Qxa7 Ra8 15. Qb6 Rb8 16. Qa5 1/2-1/2

[Event "Costanera Salto op 4th"]
[Site "Costanera"]
[Date "2016.05.07"]
[Round "3"]
[White "Pedreira Henrich, Alan"]
[Black "Jarque, Cristian"]
[Result "1-0"]
[WhiteElo "1923"]
[BlackElo "1805"]
[PlyCount "49"]
[EventDate "2016.05.06"]
[EventType "swiss"]
[EventRounds "6"]
[EventCountry "ARG"]
[SourceTitle "EXT 2017"]
[Source "ChessBase"]
[SourceDate "2016.10.25"]
[SourceVersion "1"]
[SourceVersionDate "2016.10.25"]
[SourceQuality "1"]

1. d4 d5 2. c4 dxc4 3. e4 c5 4. d5 g6 5. Bxc4 Bg7 6. Ne2 a6 7. a4 Nd7 8. f4 Nb6 9. Ba2 Nf6 10. Nbc3 0-0 11. 0-0 Bg4 12. Be3 Rc8 13. a5 Nbd7 14. Bc4 Qc7 15. e5 Nxe5 16. fxe5 Qxe5 17. Bf4 Qh5 18. Qd2 Rfd8 19. Ng3 Nxd5 20. Nxh5 Nxc3 21. Qc2 Bd4+ 22. Kh1 Bf5 23. Qb3 Ne4 24. Bxf7+ Kh8 25. Ng3 1-0